00443nam a2200121Ia 4500008004100000245004100041245006100082260000900143650002900152856004800181999001900229952007300248171211s9999 xx 000 0 und d aTechnologies of Inclusive Well-Being cAnthony Lewis Brooks, Lakhmi C. Jain, and Sheryl Brahnam c2014 xINFORMATION TECHNOLOGIES uhttp://down.ebook777.com/064/3642454313.pdf c349706d349706 001040aCLbCLd2017-12-11l0r2017-12-11 00:00:00w2017-12-11yCBE